Loading...
| Fine Arts - Auditory Fine Arts | 1 | 10.00 | 100% | 0% | 0% |
| Fine Arts - Other Fine Arts | 2 | 5.00 | 50% | 0% | 0% |
| Fine Arts - Visual Fine Arts | 2 | 5.00 | 50% | 0% | 0% |
| Geography | 1 | 0.00 | 0% | 0% | 0% |
| History - American History | 1 | 10.00 | 100% | 0% | 0% |
| History - European History | 3 | 6.67 | 67% | 0% | 0% |
| History - Other History | 1 | 10.00 | 100% | 0% | 0% |
| History - World History | 2 | 10.00 | 100% | 0% | 0% |
| Literature - American Literature | 2 | 0.00 | 0% | 0% | 0% |
| Literature - British Literature | 3 | 10.00 | 67% | 33% | 0% |
| Literature - European Literature | 1 | 0.00 | 0% | 0% | 0% |
| Literature - World Literature | 1 | 0.00 | 0% | 0% | 0% |
| Mythology | 1 | 30.00 | 100% | 100% | 100% |
| Philosophy | 2 | 5.00 | 50% | 0% | 0% |
| Science - Biology | 2 | 10.00 | 100% | 0% | 0% |
| Science - Chemistry | 3 | 6.67 | 67% | 0% | 0% |
| Science - Physics | 1 | 10.00 | 100% | 0% | 0% |
| Social Science | 4 | 10.00 | 75% | 25% | 0% |